000 00809nam a2200265Ia 4500
003 OSt
005 20220924124305.0
006 a|||||r|||| 00| 0
007 ta
008 220923b |||||||| |||| 00| 0 urd d
020 _a8175870796 (pb)
020 _cINR 114.00
024 _a354512
037 _bTB4993, 29/12/2021, Technical Bureau India Pvt. Ltd.
_cTextual
040 _aARTS
_cARTS
_burd
041 _2urd
_aurd
082 _aO168,1:gN, L7;P5
100 _aHanfi Shamim Au.
245 0 _aJadeediyat ki falsafayan aasas
260 _aNew Delhi
_b NCPUL India
_c2005
300 _a292p.
_ccm.
650 _aURDU POETRY
942 _hO168,1:gN, L7;P5
_cTEXL
_2CC
999 _c419147
_d419147